002220000a220007300045001000019000002450037000193000046000567730046001021 aFoster, Graham10aMaking sense of Matthew 25:31-46 aVol. 16, Num. 2 (1998), Páginas 128-1390 tScottish Bulletin of Evangelical Theology